000 00460nam a2200145Ia 4500
008 100204s9999 xx 000 0 und d
082 _b9975
100 _aरायकर प्रतिभा
245 _aप्रीतगोजिरी
260 _b"प्रिया प्रकाशन, मुंबई"
_c1987
300 _a196
630 _aप्रीतगोजिरी
730 _aप्रीतगोजिरी
942 _cBOOK
999 _c454411
_d454408